00426nam a22001457a 4500003000400000082001800004100002200022245003900044260002600083300000700109650002400116942001200140952011100152999001700263SGT a617.645bA25S aShokhanda, Mahima aAntibiotics in Pediatric Dentistry bSGT University c2025 a68 aPediatric Dentistry 2ddccTH 00102ddc405171aFDbFDd2025-03-20iSGTUl0o617.645 A25SpDT2213r2025-03-20 00:00:00w2025-03-20yTH c30350d30350